00736nam a2200193 4500001000700000003000900007005001700016007000300033008004100036100003000077245016000107250001300267260003400280300002200314700002900336852003200365999001900397952012600416139529ES-MaACL20230906195830.0t|070214s1959 sp r ||||1| spa d1 aSausgruber, Kurt.910401413aEl átomo y el alma b: el problema de la naturaleza del alma y su relación con el cuerpo / cKurt Sausgruber ; versión española de Ignacio Rodrigo. a1ª. ed. aBarcelona : bHerder, c1959. a252 p. ; c18 cm.1 aRodrigo, Ignacio.998173 aES-MaACLjC-18201 bR.46461 c139529d139529 00104070aATENEOMbATENEOMcGaleríad2008-01-17eSCl0oC-18201p1145202r2023-02-23 00:00:00w2023-02-23yMONOGRAFIA